Фотоидный селектор для определения деления декремента затухающих колебаний; Технический прогресс в мшиностроении

Bibliografiske detaljer
Parent link:Технический прогресс в мшиностроении.— 1971.— С. 106-109
Hovedforfatter: Максак В. И.
Andre forfattere: Дубняков В. Н.
Sprog:russisk
Udgivet: 1971
Fag:
Format: MixedMaterials Book Chapter
KOHA link:https://koha.lib.tpu.ru/cgi-bin/koha/opac-detail.pl?biblionumber=593952

MARC

LEADER 00000naa0a2200000 4500
001 593952
005 20250611111401.0
035 |a (RuTPU)RU\TPU\tpu\7958 
035 |a TPU00000418 
090 |a 593952 
100 |a 20020118d1971 k||y0rusy50 ca 
101 0 |a rus 
102 |a RU 
200 1 |a Фотоидный селектор для определения деления декремента затухающих колебаний  |f В. И. Максак, В. Н. Дубняков 
320 |a Библиогр.: 5 назв. 
463 |t Технический прогресс в мшиностроении  |o доклады III научно-технической конференции  |v С. 106-109  |d  1971 
610 1 |a фотоидный селектор 
610 1 |a затухающие колебания 
610 1 |a труды учёных ТПУ 
700 1 |a Максак  |b В. И. 
701 1 |a Дубняков  |b В. Н. 
801 0 |a RU  |b 63413507  |c 20020118  |g PSBO 
801 2 |a RU  |b 63413507  |c 20090914  |g RCR 
850 |a 63413507 
942 |c BK